00986nam a2200229Ia 4500003000400000005001700004008004100021020001800062040000900080082001800089100002600107245006000133250001200193260005700205300000900262650001400271942004200285952013800327952013800465952013800603999001500741OSt20200813132445.0190216s9999||||xx |||||||||||||| ||und|| a9788122424515 coclc a541.22bRED/S aReddy, K Veera 94110 0aSymmetry And Spectroscopy Of Molecules /cK Veera Reddy a2nd Ed. bNew Age International Publishers,c2009.aNew Delhi: a631p aChemistry cBK2ddch541.22iRED/Sk541.22mRED/S 00102ddc40708CHEMISTRYaMESbMEScCHEd2019-02-20g350.00l0o541.22 RED/Sp34507r2019-02-20 00:00:00t1w2019-02-20yBKzGL26R2 00102ddc40708CHEMISTRYaMESbMEScCHEd2019-02-20g350.00l0o541.22 RED/Sp36099r2019-02-20 00:00:00t2w2019-02-20yBKzGL26R2 00102ddc40708CHEMISTRYaMESbMEScCHEd2019-02-20g399.00l0o541.22 RED/Sp40365r2019-02-20 00:00:00t3w2019-02-20yBKzGL26R2 c3480d3480